El ingenioso hidalgo don Quijote de la Mancha / (Record no. 43543)

MARC details
000 -LEADER
campo de control de longitud fija 01472nam a2200277 i 4500
001 - NÚMERO DE CONTROL
campo de control 43543
003 - IDENTIFICADOR DE NÚMERO DE CONTROL
campo de control ES-MaACL
005 - FECHA Y HORA DE LA ÚLTIMA TRANSACCIÓN
campo de control 20240224062533.0
007 - CAMPO FIJO DE DESCRIPCIÓN FÍSICA--INFORMACIÓN GENERAL
campo de control de longitud fija t|
008 - DATOS DE LONGITUD FIJA--INFORMACIÓN GENERAL
campo de control de longitud fija 030318s1819 sp ||||1| spa d
100 1# - ENTRADA PRINCIPAL--NOMBRE DE PERSONA
Nombre de persona Cervantes Saavedra, Miguel de,
Fechas asociadas al nombre 1547-1616
9 (RLIN) 226514
240 10 - TÍTULO UNIFORME
Título uniforme Don Quijote de la Mancha
245 13 - MENCIÓN DEL TÍTULO
Título El ingenioso hidalgo don Quijote de la Mancha /
Mención de responsabilidad, etc. compuesto por Miguel de Cervantes Saavedra ; parte primera [-segunda], tomo I [-IV].
250 ## - MENCION DE EDICION
Mención de edición 4ª ed. corr. / por la Real Academia Española.
260 ## - PUBLICACIÓN, DISTRIBUCIÓN, ETC.
Lugar de publicación, distribución, etc. Madrid :
Nombre del editor, distribuidor, etc. [s.n.],
Fecha de publicación, distribución, etc. 1819 (
Fabricante Imp. Real)
300 ## - DESCRIPCIÓN FÍSICA
Extensión 5 t. (175 p., XXIV, 359 p., 1 mapa, 6 lám. ; 2 h. 410 p., 4 lám. ; XXII, 406 p., 6 lám. ; VI, 403 p., 4 lám.) ;
Dimensiones 19 cm.
530 ## - NOTA DISPONIBLE DE FORMULARIO FÍSICO ADICIONAL
Nota de formato físico adicional disponible Disponible en formato digital.
595 ## -
-- En esta ed., para la Primera parte se tomó como modelo la de 1608 y para la Segunda. la de 1615.
595 ## -
-- Para esta ed., la Academia decidió por primera vez adoptar la "j" en vez la "x" para estampar la voz Quijote.
597 ## - NOTA DE DESCRIPCIÓN FÍSICA
NOTA DE DESCRIPCIÓN FÍSICA En las port., viñeta xil., con el lema de la Academia: "Limpia, fija y da esplendor"
599 ## - NOTA A LAS ILUSTRACIONES
NOTA A LAS ILUSTRACIONES Las h. de lám. son grab. calc. dibujadas por José Ribelles y grabadas por T. López Enguidanos y Alejandro Blanco.
710 2# - ENTRADA AGREGADA--NOMBRE DE ENTIDAD CORPORATIVA
Nombre de entidad corporativa o nombre de jurisdicción como elemento de entrada Real Academia Española
9 (RLIN) 6336
852 ## - LOCALIZACIÓN
Ubicación ES-MaACL
Número de control de estantería F-12098-100
condición física .- Faltan tº 1 y 5º
856 ## - LOCALIZACIÓN Y ACCESO ELECTRÓNICOS
Identificador Uniforme de Recursos <a href="http://bdh-rd.bne.es/viewer.vm?id=0000022683&page=1 ">http://bdh-rd.bne.es/viewer.vm?id=0000022683&page=1 </a>
Nota pública Biblioteca Digital Hispánica
Holdings
Estatus retirado Estado de pérdida Estado de daño No para préstamo Colección Biblioteca de origen Biblioteca actual Ubicación en estantería Fecha de adquisición Fuente de adquisición Total de préstamos Signatura topográfica completa Código de barras Visto por última vez Precio de reemplazo Tipo de ítem Koha
        Colección digital Biblioteca del Ateneo de Madrid Biblioteca del Ateneo de Madrid Sala Pecera Planta 2 17/01/2008     F-12098-100 1045838 23/02/2023 23/02/2023 Libro impreso antiguo